Fr. Conceicao Rodrigues College of Engineering

Fedora 8 and Red Hat enterprise Linux (Record no. 23067)

MARC details
000 -LEADER
fixed length control field 00350nam a2200157Ia 4500
082 ## - DEWEY DECIMAL CLASSIFICATION NUMBER
Classification number 005.133/NEG
Item number NEG
100 ## - MAIN ENTRY--PERSONAL NAME
Personal name Negus/Christopher
245 ## - TITLE STATEMENT
Title Fedora 8 and Red Hat enterprise Linux
260 ## - PUBLICATION, DISTRIBUTION, ETC.
Name of publisher, distributor, etc. Wiley India
Place of publication, distribution, etc. Mumbai
Date of publication, distribution, etc. 2008
366 ## - TRADE AVAILABILITY INFORMATION
Publishers's discount category 20
300 ## - PHYSICAL DESCRIPTION
Extent 1080
546 ## - LANGUAGE NOTE
Language note ENGLISH
650 ## - SUBJECT ADDED ENTRY--TOPICAL TERM
Topical term or geographic name entry element Fedora
654 ## - SUBJECT ADDED ENTRY--FACETED TOPICAL TERMS
Focus term fedora 8
942 ## - ADDED ENTRY ELEMENTS (KOHA)
Koha item type BOOK
Holdings
Withdrawn status Lost status Damaged status Not for loan Collection Home library Current library Date acquired Source of acquisition Cost, normal purchase price Inventory number Total Checkouts Full call number Barcode Date last seen Cost, replacement price Price effective from Koha item type
        CRC Fr. Agnel's C.Rodrigues College of Engineering Fr. Agnel's C.Rodrigues College of Engineering 17/03/2023 Professional Book House. 579.00 534 dt 10/03/2008   005.133/NEG NEG 18496 17/03/2023 599.00   BOOK